000
00266nam a2200109Ia 4500
008
220216s9999 xx 000 0 und d
100
_a
Abraham Thompson
245
0
_a
Iratta thaiveru rubeerinu gunakaramo ?
260
_b
Rubber
_c
2017
300
_a
14-16
942
_c
JS
999
_c
61677
_d
61677